BIBLIOTECA “JULIO CORTÁZAR”
ESCUELA AGROTÉCNICA “LIBERTADOR GENERAL SAN MARTÍN” - UNR – CASILDA

Logo Escuela Logo UNR

Historia universal contemporánea : (Record no. 147)

MARC details
000 -LEADER
campo de control de longitud fija 00793nam#a22002775ar4500
001 - NÚMERO DE CONTROL
campo de control 147
008 - DATOS DE LONGITUD FIJA--INFORMACIÓN GENERAL
campo de control de longitud fija 060216s1999####ag#abo#d|b###|||1#||spa|d
020 ## - NÚMERO INTERNACIONAL ESTÁNDAR DEL LIBRO
Número Internacional Estándar del Libro 9501324354
080 ## - NÚMERO DE LA CLASIFICACIÓN DECIMAL UNIVERSAL
Número de la Clasificación Decimal Universal 930.23
084 ## - OTRO NÚMERO DE CLASIFICACIÓN
Número de clasificación D21
040 ## - FUENTE DE CATALOGACIÓN
Centro catalogador/agencia de origen AR-ClEAG
Centro/agencia transcriptor AR-ClEAG
005 - FECHA Y HORA DE LA ÚLTIMA TRANSACCIÓN
campo de control 20241107184626.0
003 - IDENTIFICADOR DE NÚMERO DE CONTROL
campo de control AR-ClEAG
100 1# - ENTRADA PRINCIPAL--NOMBRE DE PERSONA
Nombre de persona Amézola, Gonzalo De.
245 10 - MENCIÓN DEL TÍTULO
Título Historia universal contemporánea :
Resto del título Problemas, debates y puntos de vistas /
Mención de responsabilidad, etc. Gonzalo De Amezola, Carlos Alberto Dicroce.
250 ## - MENCION DE EDICION
Mención de edición 1ª ed.
260 ## - PUBLICACIÓN, DISTRIBUCIÓN, ETC.
Lugar de publicación, distribución, etc. Bs. As. :
Nombre del editor, distribuidor, etc. Kapelusz,
Fecha de publicación, distribución, etc. 1999.
300 ## - DESCRIPCIÓN FÍSICA
Extensión 319 p. ;
Dimensiones 19 cm.
490 0# - MENCIÓN DE SERIE
Mención de serie Biblioteca del Polimodal
653 ## - TÉRMINO DE INDIZACIÓN--NO CONTROLADO
Término no controlado Revoluciones contemporáneas
653 ## - TÉRMINO DE INDIZACIÓN--NO CONTROLADO
Término no controlado Sociedad industrial
653 ## - TÉRMINO DE INDIZACIÓN--NO CONTROLADO
Término no controlado Siglo XIX
653 ## - TÉRMINO DE INDIZACIÓN--NO CONTROLADO
Término no controlado Descolonización
700 1# - ENTRADA AGREGADA--NOMBRE PERSONAL
Nombre de persona Dicroce, Carlos Alberto.
942 ## - ELEMENTOS DE ENTRADA SECUNDARIOS (KOHA)
Tipo de ítem Koha Libros
980 ## - EQUIVALENCIA O REFERENCIA-CRUZADA-MENCIÓN DE SERIE--NOMBRE DE PERSONA/TÍTULO [LOCAL, CANADÁ]
Enlace 2
Nombre de persona Evangelina Gallicchio
Enlace entre campo y número de secuencia 2
Información miscelánea Evangelina Gallicchio
Holdings
Estatus retirado Estado de pérdida Fuente del sistema de clasificación o colocación Estado de daño No para préstamo Biblioteca de origen Biblioteca actual Ubicación en estantería Fecha de adquisición Número de inventario Total de préstamos Signatura topográfica completa Código de barras Visto por última vez Precio de reemplazo Tipo de ítem Koha
    Clasificación decimal universal     Julio Cortázar Julio Cortázar   07/11/2024 434   R07 930.23 D21 1 1 434 07/11/2024 07/11/2024 Libros

Contacto

Biblioteca Julio Cortázar. Escuela Agrotécnica "Libertador San Martín". Universidad Nacional de Rosario
Dirección: Ov. Lagos 1000 - 2170 Casilda - Santa Fe - Argentina
Tel: (54) (03464) 422226.
Fax: (54) (03464) 427789.
E-Mail: biblio-eac@unr.edu.ar